00259nam a2200109Ia 4500008004100000245003400041260002200075440000600097521002200103942000700125999001700132140130s9999 xx 000 0 und d cPines, T.a13 tales of horror bScholastic,c1991 v1 aGrade 3 - Grade 5 cBK c41017d41017